[Event "II Festival Vittorio Alfieri"]
[Site "Torino ITA"]
[Date "2010.04.23"]
[Round "3"]
[White "Stroppa, Daniel"]
[Black "Cavezzana, Davide"]
[Result "1-0"]
[WhiteElo "2200"]
[BlackElo "1768"]
[PlyCount "49"]
[EventDate "2010.04.21"]

1. d3 e5 2. Nf3 Nc6 3. g3 Nf6 4. Bg2 d6 5. O-O Be7 6. a3 Bg4 7. b4 a6 8. Bb2
Qd7 9. c4 Bh3 10. Nc3 Bxg2 11. Kxg2 O-O 12. e4 Qg4 13. h3 Qd7 14. d4 exd4 15.
Nxd4 Rfe8 16. f3 Bf8 17. Nf5 g6 18. Ne3 Bg7 19. Ra2 Ne5 20. Ncd5 Nxd5 21. Qxd5
Nc6 22. Bxg7 Kxg7 23. Qd3 Ne7 24. Qc3+ Kg8 25. Ng4 1-0

[Event "II Festival Vittorio Alfieri"]
[Site "Torino ITA"]
[Date "2010.04.23"]
[Round "3"]
[White "Topczewski, Damian"]
[Black "Moncelli, Giorgio"]
[Result "1/2-1/2"]
[WhiteElo "2159"]
[BlackElo "2088"]
[PlyCount "80"]
[EventDate "2010.04.21"]

1. e4 e5 2. Bc4 Nf6 3. d3 Bc5 4. Nc3 d6 5. Nf3 Nc6 6. Na4 Bb6 7. Nxb6 axb6 8.
c3 Be6 9. Bxe6 fxe6 10. O-O O-O 11. Ng5 Qe7 12. f4 h6 13. Nh3 Rad8 14. Qe2 Qe8
15. fxe5 dxe5 16. Be3 Qg6 17. Nf2 Rd7 18. b4 Ra8 19. a4 Qh5 20. Qa2 Nd8 21. Qc4
Ng4 22. Nxg4 Qxg4 23. Rf3 Nf7 24. a5 bxa5 25. bxa5 Ra6 26. Qb5 c6 27. Qb3 Nd8
28. Bb6 Rf7 29. Raf1 Rxf3 30. Rxf3 Nf7 31. h3 Qg6 32. Bc7 Ng5 33. Rg3 b5 34.
axb6 Ra1+ 35. Kh2 Qf6 36. b7 Qf1 37. b8=Q+ Kh7 38. Rxg5 Qg1+ 39. Kg3 Qe3+ 40.
Kh2 Qg1+ 1/2-1/2

[Event "II Festival Vittorio Alfieri"]
[Site "Torino ITA"]
[Date "2010.04.23"]
[Round "3"]
[White "Trusso Cafarello, Sebastiano"]
[Black "Capuzzimati, Fausto"]
[Result "1-0"]
[WhiteElo "1662"]
[BlackElo "1491"]
[PlyCount "77"]
[EventDate "2010.04.21"]

1. e4 c6 2. Nc3 d5 3. exd5 cxd5 4. d4 Nf6 5. Nf3 g6 6. Bf4 a6 7. Be5 Bg7 8. Be2
Nc6 9. Bf4 O-O 10. O-O e6 11. Qc1 Re8 12. Bh6 Bh8 13. Bg5 b5 14. Qf4 Nh5 15.
Qd2 f6 16. Be3 Ra7 17. Ne1 Rf7 18. Bxh5 gxh5 19. Nd3 Rg7 20. f4 f5 21. Ne5 Nxe5
22. fxe5 Rg4 23. h3 Rg7 24. Ne2 h4 25. Nf4 Rg3 26. Nh5 Rg6 27. Nf4 Rg3 28. Nd3
Bg7 29. Bf2 Qg5 30. Qxg5 Rxg5 31. Bxh4 Rg6 32. Nf4 Rh6 33. Bg5 Kf7 34. Bxh6
Bxh6 35. a4 Bd7 36. b3 Rc8 37. Ra2 bxa4 38. bxa4 Rc4 39. Ne2 1-0

[Event "II Festival Vittorio Alfieri"]
[Site "Torino ITA"]
[Date "2010.04.24"]
[Round "4"]
[White "Capuzzimati, Fausto"]
[Black "Vozza, Augusto"]
[Result "0-1"]
[WhiteElo "1491"]
[BlackElo "1540"]
[PlyCount "38"]
[EventDate "2010.04.21"]

1. e4 c6 2. Nf3 d5 3. exd5 cxd5 4. d4 Bg4 5. Be2 Bxf3 6. Bxf3 e6 7. O-O Nc6 8.
c3 Bd6 9. g3 Nge7 10. Bg2 O-O 11. Be3 b5 12. b4 a5 13. Na3 Qb6 14. Qe2 Rfb8 15.
Bf4 Bxf4 16. gxf4 axb4 17. Nc2 bxc3 18. Rfb1 Nxd4 19. Nxd4 Qxd4 0-1

[Event "II Festival Vittorio Alfieri"]
[Site "Torino ITA"]
[Date "2010.04.24"]
[Round "4"]
[White "Cavezzana, Davide"]
[Black "Ravazzolo, Gaia"]
[Result "1-0"]
[WhiteElo "1768"]
[BlackElo "1713"]
[PlyCount "39"]
[EventDate "2010.04.21"]

1. e4 c6 2. d4 d5 3. f3 g6 4. Nc3 Bg7 5. Be3 Qa5 6. Qd2 dxe4 7. fxe4 Nf6 8. Nf3
b5 9. e5 b4 10. exf6 bxc3 11. fxg7 cxd2+ 12. Bxd2 Qxd2+ 13. Kxd2 Rg8 14. Bc4
Nd7 15. Rae1 Bb7 16. Rhf1 Rxg7 17. Ng5 Nf6 18. Rxf6 e6 19. Ref1 O-O-O 20. Kc3
1-0

[Event "II Festival Vittorio Alfieri"]
[Site "Torino ITA"]
[Date "2010.04.24"]
[Round "4"]
[White "De Renzi, Giuseppe"]
[Black "Cavaliere, Simone"]
[Result "1/2-1/2"]
[WhiteElo "1533"]
[BlackElo "1883"]
[PlyCount "73"]
[EventDate "2010.04.21"]

1. d4 Nf6 2. Bf4 g6 3. e3 Bg7 4. Nf3 d6 5. h3 O-O 6. Be2 Qe8 7. c4 Nh5 8. Bh2
Nc6 9. Nc3 a6 10. Qb3 Nf6 11. O-O e5 12. dxe5 dxe5 13. e4 Nd4 14. Nxd4 exd4 15.
e5 dxc3 16. exf6 Bxf6 17. Bg4 cxb2 18. Rab1 Bxg4 19. hxg4 Qc6 20. Bf4 Rfe8 21.
Bd2 Re4 22. Bc3 Bxc3 23. Qxc3 Rxg4 24. g3 Rxc4 25. Qxb2 b5 26. Rbc1 Rxc1 27.
Rxc1 Qb6 28. Qe5 Rc8 29. Qd5 c5 30. Rd1 Qc6 31. Qd2 Re8 32. Qf4 c4 33. Kh2 Re2
34. Rd8+ Kg7 35. Qd4+ Qf6 36. Rg8+ Kxg8 37. Qxf6 1/2-1/2

[Event "II Festival Vittorio Alfieri"]
[Site "Torino ITA"]
[Date "2010.04.24"]
[Round "4"]
[White "Dragojlovic, Andjelko"]
[Black "Kizov, Atanas"]
[Result "1/2-1/2"]
[WhiteElo "2422"]
[BlackElo "2398"]
[PlyCount "21"]
[EventDate "2010.04.21"]

1. Nf3 c5 2. e4 d6 3. d4 Nf6 4. Nc3 cxd4 5. Nxd4 Nc6 6. Bg5 Bd7 7. Bxf6 gxf6 8.
Nf3 Bg7 9. h4 Bg4 10. Qd5 a6 11. Be2 1/2-1/2

[Event "II Festival Vittorio Alfieri"]
[Site "Torino ITA"]
[Date "2010.04.24"]
[Round "4"]
[White "Fassio, Francesco"]
[Black "Cacinschi, Alexandru"]
[Result "0-1"]
[WhiteElo "1618"]
[BlackElo "1986"]
[PlyCount "68"]
[EventDate "2010.04.21"]

1. c4 c5 2. Nc3 Nc6 3. g3 Nf6 4. Bg2 e6 5. e3 d5 6. cxd5 exd5 7. d4 cxd4 8.
exd4 Be7 9. Nge2 O-O 10. O-O Bg4 11. Qb3 Qd7 12. Nf4 Nxd4 13. Qa4 Qxa4 14. Nxa4
Rfd8 15. Bd2 Nf3+ 16. Bxf3 Bxf3 17. Nd3 Be2 18. Rfe1 Bxd3 19. Rxe7 g6 20. Rc1
d4 21. b3 Nd5 22. Ree1 b6 23. Nb2 Ba6 24. Nc4 Rac8 25. a4 Kf8 26. Re4 Nf6 27.
Bb4+ Kg8 28. Re7 Nd5 29. Ba3 Nxe7 30. Bxe7 Rd7 31. Ba3 Bxc4 32. bxc4 d3 33. Bb4
d2 34. Rd1 Rxc4 0-1

[Event "II Festival Vittorio Alfieri"]
[Site "Torino ITA"]
[Date "2010.04.24"]
[Round "4"]
[White "Giacchino, Claudio"]
[Black "Fassero, Fabrizio"]
[Result "1/2-1/2"]
[WhiteElo "1631"]
[BlackElo "1737"]
[PlyCount "101"]
[EventDate "2010.04.21"]

1. e4 e6 2. d4 d5 3. e5 c5 4. c3 Nc6 5. Nf3 Qb6 6. Qb3 Qa5 7. Bd2 c4 8. Qd1 Be7
9. a3 b5 10. b4 cxb3 11. Qxb3 a6 12. Bd3 Qc7 13. Qc2 g6 14. O-O Bf8 15. a4 Rb8
16. axb5 axb5 17. Bf4 Na5 18. Nbd2 Nc4 19. Ra2 Ne7 20. Rfa1 Nc6 21. Ra8 Qb7 22.
Rxb8 Qxb8 23. Bg3 Be7 24. Bxc4 bxc4 25. Rb1 Qa7 26. Qb2 O-O 27. Qc2 Bd7 28. h4
Ra8 29. Rb2 Qa1+ 30. Nb1 Qa4 31. Qd2 Qa7 32. h5 Rb8 33. hxg6 fxg6 34. Bf4 Rxb2
35. Qxb2 Qb8 36. Qc1 Qf8 37. Bh6 Qf5 38. Qb2 Be8 39. Qd2 Qxb1+ 40. Kh2 Qd3 41.
Qb2 Qf5 42. Kg1 Qd3 43. Kh2 Qf5 44. Kg1 Bf8 45. Bg5 Na5 46. Qb8 Bf7 47. Be7 Be8
48. Qxe8 Qf7 49. Qxf7+ Kxf7 50. Bxf8 Kxf8 51. Ng5 1/2-1/2

[Event "II Festival Vittorio Alfieri"]
[Site "Torino ITA"]
[Date "2010.04.24"]
[Round "4"]
[White "Gussone, Claudio"]
[Black "Lucchese, Paolo"]
[Result "0-1"]
[WhiteElo "1792"]
[BlackElo "2024"]
[PlyCount "68"]
[EventDate "2010.04.21"]

1. d4 c5 2. Nf3 cxd4 3. Nxd4 d5 4. g3 e5 5. Nb3 f5 6. Bg2 Be6 7. O-O Nc6 8. e3
Rc8 9. Nc3 Nf6 10. Qe2 a6 11. Rd1 e4 12. Nd4 Nxd4 13. exd4 Bd6 14. Bh3 O-O 15.
f3 Qd7 16. Bg5 h6 17. Be3 Kh8 18. Rf1 g5 19. fxe4 dxe4 20. d5 Nxd5 21. Bd4+ Kg8
22. Qh5 Kh7 23. Nxd5 Bxd5 24. Qd1 g4 25. Bg2 Qc6 26. Bc3 Bc5+ 27. Kh1 Rcd8 28.
Qe2 b5 29. b3 Ba3 30. Qe3 Bc5 31. Qe2 e3 32. Rg1 b4 33. Be5 Bf3 34. Rae1 Rd2
0-1

[Event "II Festival Vittorio Alfieri"]
[Site "Torino ITA"]
[Date "2010.04.24"]
[Round "4"]
[White "Macario, Marco"]
[Black "Pitrola, Carlo"]
[Result "0-1"]
[WhiteElo "1755"]
[BlackElo "1799"]
[PlyCount "102"]
[EventDate "2010.04.21"]

1. e4 e6 2. d4 d5 3. Nd2 Nf6 4. e5 Nfd7 5. Bd3 c5 6. c3 Nc6 7. Ndf3 cxd4 8.
cxd4 f6 9. exf6 Nxf6 10. Ne2 Bd6 11. O-O O-O 12. Re1 Bd7 13. Bf4 Bb4 14. Bd2
Ne4 15. Bxb4 Nxb4 16. Bxe4 dxe4 17. Ne5 Nd3 18. Nxd3 exd3 19. Qxd3 Bc6 20. Qh3
Qf6 21. Qg3 Rad8 22. Rad1 Rd5 23. f4 Kh8 24. Qe3 Rf5 25. g4 Qg6 26. Qg3 R5f6
27. Rc1 Qe4 28. Rxc6 Qxc6 29. Qd3 g5 30. Rc1 Qd6 31. Rc5 gxf4 32. Rh5 Qc7 33.
Nc3 f3 34. Kf2 Rf4 35. h3 Qg7 36. Ne4 Rd8 37. Ng5 Qxd4+ 38. Qxd4+ Rdxd4 39.
Nxe6 Rd2+ 40. Ke3 f2 41. Rc5 f1=Q 42. Kxd2 Qf2+ 43. Kd3 Rf3+ 44. Kc4 Qe2+ 45.
Kd5 Qd3+ 46. Ke5 Re3+ 47. Kf6 Rxe6+ 48. Kxe6 Qe3+ 49. Kd6 Qd2+ 50. Kc7 Qxb2 51.
a4 Qb6+ 0-1

[Event "II Festival Vittorio Alfieri"]
[Site "Torino ITA"]
[Date "2010.04.24"]
[Round "4"]
[White "Militello, Michele"]
[Black "Ljubisavljevic, Zivojin Z."]
[Result "0-1"]
[WhiteElo "1842"]
[BlackElo "2260"]
[PlyCount "32"]
[EventDate "2010.04.21"]

1. d4 f5 2. Nf3 Nf6 3. g3 g6 4. Bg2 Bg7 5. O-O O-O 6. Nbd2 d6 7. b3 h6 8. Bb2
a5 9. c4 a4 10. Qc2 Nc6 11. Qc3 Qe8 12. b4 e5 13. dxe5 Nxe5 14. Nxe5 dxe5 15.
e4 f4 16. gxf4 exf4 0-1

[Event "II Festival Vittorio Alfieri"]
[Site "Torino ITA"]
[Date "2010.04.24"]
[Round "4"]
[White "Moncelli, Giorgio"]
[Black "Baleja, Marian"]
[Result "1-0"]
[WhiteElo "2088"]
[BlackElo "1923"]
[PlyCount "65"]
[EventDate "2010.04.21"]

1. e4 c5 2. Nf3 e6 3. d4 cxd4 4. Nxd4 Nc6 5. Nc3 Qc7 6. g3 a6 7. a4 Nf6 8. Bg2
b6 9. O-O Bb7 10. Nde2 Be7 11. h3 O-O 12. Bf4 e5 13. Be3 Nb4 14. Qd2 Rfd8 15.
Nd5 Nfxd5 16. exd5 Qxc2 17. d6 Qxd2 18. Bxd2 Bxd6 19. Bxb7 Ra7 20. Bxb4 Bxb4
21. Bd5 Rc7 22. Rac1 Rdc8 23. Bb7 Rxc1 24. Rxc1 Rxc1+ 25. Nxc1 a5 26. Nd3 f6
27. Nxb4 axb4 28. Kf1 Kf7 29. Bd5+ Ke7 30. Ke2 Kd6 31. Bg8 h6 32. Kd3 Kc5 33.
Ke4 1-0

[Event "II Festival Vittorio Alfieri"]
[Site "Torino ITA"]
[Date "2010.04.24"]
[Round "4"]
[White "Mrdja, Milan"]
[Black "Di Chiara, Mauro"]
[Result "1-0"]
[WhiteElo "2376"]
[BlackElo "1868"]
[PlyCount "85"]
[EventDate "2010.04.21"]

1. e4 d6 2. d4 Nf6 3. f3 g6 4. Be3 Bg7 5. Nc3 O-O 6. Qd2 c6 7. Nge2 b5 8. Bh6
Bxh6 9. Qxh6 e5 10. h4 Qa5 11. h5 b4 12. Nd1 exd4 13. hxg6 fxg6 14. Nxd4 Qe5
15. Qe3 d5 16. exd5 Qg3+ 17. Qf2 Re8+ 18. Ne2 Qe5 19. Rh4 Ba6 20. Rxb4 cxd5 21.
Ra4 Nc6 22. Rxa6 Nb4 23. Rxf6 Nxc2+ 24. Kd2 Nxa1 25. Qd4 Rac8 26. Ndc3 Kg7 27.
Ra6 Rc7 28. Qxe5+ Rxe5 29. Nd4 Rb7 30. b3 Rh5 31. Be2 Rh2 32. g4 h5 33. gxh5
gxh5 34. Ne6+ Kh7 35. Rc6 h4 36. Nxd5 Rg2 37. Nef4 Rd7 38. Ke3 h3 39. Bd3+ Kg7
40. Nxg2 Rxd5 41. Rc1 Nxb3 42. axb3 hxg2 43. Rg1 1-0

[Event "II Festival Vittorio Alfieri"]
[Site "Torino ITA"]
[Date "2010.04.24"]
[Round "4"]
[White "Pettorusso, Aldo"]
[Black "Topczewski, Damian"]
[Result "0-1"]
[WhiteElo "1598"]
[BlackElo "2159"]
[PlyCount "36"]
[EventDate "2010.04.21"]

1. Nf3 d5 2. d4 Nf6 3. c4 c6 4. Nc3 a6 5. a4 g6 6. Bf4 Bg7 7. e3 O-O 8. Bd3
Nbd7 9. Qe2 Re8 10. O-O dxc4 11. Bxc4 Nb6 12. Bb3 Nbd5 13. Bg3 Bg4 14. e4 Nxc3
15. bxc3 Qa5 16. Bxf7+ Kxf7 17. Ne5+ Qxe5 18. dxe5 Bxe2 0-1

[Event "II Festival Vittorio Alfieri"]
[Site "Torino ITA"]
[Date "2010.04.24"]
[Round "4"]
[White "Portaro, Gaetano"]
[Black "Paoli, Mario"]
[Result "0-1"]
[WhiteElo "1512"]
[BlackElo "1746"]
[PlyCount "76"]
[EventDate "2010.04.21"]

1. d4 Nf6 2. Bf4 g6 3. e3 Bg7 4. Nf3 d6 5. h3 O-O 6. Bc4 Nc6 7. a3 d5 8. Be2
Ne4 9. O-O e6 10. c3 f5 11. Nbd2 g5 12. Bh2 g4 13. Nxe4 gxf3 14. Bxf3 dxe4 15.
Be2 Ne7 16. Bc4 Nd5 17. Ba2 c6 18. c4 Ne7 19. c5 Nd5 20. Bd6 Rf6 21. Be5 Rg6
22. Bg3 Kh8 23. Qd2 Qg5 24. Bc4 h5 25. h4 Qe7 26. Be2 Nf6 27. Qd1 Ng4 28. Qd2
Bd7 29. f3 exf3 30. Rxf3 Bf6 31. Raf1 Rag8 32. Bd3 Nh6 33. Qf2 Qg7 34. Kh1 Rxg3
35. Rg1 Bxh4 36. Qf1 Rxf3 37. Qxf3 Qg4 38. Qf1 Bg3 0-1

[Event "II Festival Vittorio Alfieri"]
[Site "Torino ITA"]
[Date "2010.04.24"]
[Round "4"]
[White "Termini, Luigi Robert"]
[Black "Blundo, Michele"]
[Result "0-1"]
[WhiteElo "1703"]
[BlackElo "1763"]
[PlyCount "62"]
[EventDate "2010.04.21"]

1. c4 Nf6 2. d4 e6 3. Nf3 d5 4. c5 Nc6 5. a3 Be7 6. Nc3 a6 7. b4 Ne4 8. Qc2
Nxc3 9. Qxc3 e5 10. dxe5 d4 11. Qc2 Be6 12. Bf4 g5 13. Bg3 Qd5 14. Rd1 Qb3 15.
Qxb3 Bxb3 16. Rd2 O-O-O 17. h3 h5 18. h4 g4 19. Ng5 f6 20. exf6 Bxf6 21. Nf7
Bxf7 22. Bf4 Rhe8 23. g3 d3 24. Bg2 Rxe2+ 25. Rxe2 dxe2 26. Bxc6 bxc6 27. Bg5
Bxg5 28. Kxe2 Bc4+ 29. Ke1 Bf6 30. f3 gxf3 31. Kf2 Be2 0-1

[Event "II Festival Vittorio Alfieri"]
[Site "Torino ITA"]
[Date "2010.04.24"]
[Round "4"]
[White "Trusso Cafarello, Sebastiano"]
[Black "Iacomussi, Mario"]
[Result "1-0"]
[WhiteElo "1662"]
[BlackElo "1760"]
[PlyCount "53"]
[EventDate "2010.04.21"]

1. e4 c5 2. Nf3 d6 3. Nc3 Nf6 4. d4 cxd4 5. Nxd4 a6 6. Be2 e6 7. Be3 Be7 8. Qd2
b5 9. f3 O-O 10. O-O b4 11. Nd1 d5 12. e5 Nfd7 13. f4 Qc7 14. Nf2 Nc6 15. Bd3
Nxd4 16. Bxd4 g6 17. Ng4 Bc5 18. Bxc5 Qxc5+ 19. Kh1 h5 20. Nf6+ Nxf6 21. exf6
Qd4 22. f5 exf5 23. Qg5 Kh7 24. Rf4 Qe5 25. Rh4 Re8 26. Rxh5+ Kg8 27. Rh8+ 1-0

[Event "II Festival Vittorio Alfieri"]
[Site "Torino ITA"]
[Date "2010.04.24"]
[Round "4"]
[White "Vogliobene, Luigi"]
[Black "Riccardi, Mauro"]
[Result "0-1"]
[WhiteElo "1580"]
[BlackElo "1818"]
[PlyCount "82"]
[EventDate "2010.04.21"]

1. e4 c5 2. Nf3 e6 3. d4 cxd4 4. Nxd4 Nc6 5. Be2 a6 6. O-O Nf6 7. Nc3 Qc7 8.
Be3 b5 9. a3 Bb7 10. f3 Bc5 11. Qd2 Nxd4 12. Bxd4 Bxd4+ 13. Qxd4 d5 14. e5 Nd7
15. f4 O-O 16. Rf3 Rac8 17. Rd1 Qb6 18. Rh3 Qxd4+ 19. Rxd4 Nb8 20. Bd3 g6 21.
f5 exf5 22. Nxd5 Bxd5 23. Rxd5 Rfd8 24. Rxd8+ Rxd8 25. Re3 Nd7 26. e6 fxe6 27.
Rxe6 Nc5 28. Re3 Nxd3 29. Rxd3 Rxd3 30. cxd3 Kf7 31. Kf2 Ke6 32. Ke3 Ke5 33.
d4+ Kd5 34. Kd3 f4 35. h4 h6 36. b3 a5 37. b4 a4 38. Kc3 g5 39. hxg5 hxg5 40.
Kd3 g4 41. Kc3 f3 0-1

[Event "II Festival Vittorio Alfieri"]
[Site "Torino ITA"]
[Date "2010.04.24"]
[Round "5"]
[White "Baleja, Marian"]
[Black "Gussone, Claudio"]
[Result "1-0"]
[WhiteElo "1923"]
[BlackElo "1792"]
[PlyCount "65"]
[EventDate "2010.04.21"]

1. e4 d6 2. d4 Nf6 3. Nc3 g6 4. f4 Bg7 5. Nf3 O-O 6. Bd3 Nc6 7. O-O Bg4 8. Be3
e5 9. d5 Nd4 10. Bxd4 exd4 11. Ne2 Re8 12. Ng3 h5 13. Re1 h4 14. Nh1 Qd7 15.
Nf2 h3 16. gxh3 Bxh3 17. Nxh3 Qxh3 18. Ng5 Qh4 19. Qf3 Re7 20. Re2 Ng4 21. Rg2
Ne3 22. Rg3 Rae8 23. c3 c5 24. Kh1 Bf6 25. cxd4 Bxd4 26. Rag1 Qh8 27. Nxf7 Kxf7
28. e5 Nf5 29. Bxf5 gxf5 30. e6+ Kf8 31. Qh5 Rh7 32. Rg8+ Ke7 33. Qxe8+ 1-0

[Event "II Festival Vittorio Alfieri"]
[Site "Torino ITA"]
[Date "2010.04.24"]
[Round "5"]
[White "Blundo, Michele"]
[Black "Portaro, Gaetano"]
[Result "0-1"]
[WhiteElo "1763"]
[BlackElo "1512"]
[PlyCount "52"]
[EventDate "2010.04.21"]

1. d4 Nc6 2. Nf3 e6 3. c4 d6 4. Nc3 Nf6 5. e4 e5 6. d5 Ne7 7. Be2 Ng6 8. O-O
Bd7 9. a4 b6 10. b4 a5 11. bxa5 bxa5 12. Nb5 Nxe4 13. Ba3 Be7 14. Re1 O-O 15.
Bf1 Nf6 16. Qc2 Bg4 17. Be2 Nh5 18. Nfd4 Bxe2 19. Nc6 Qd7 20. Qxe2 Nhf4 21. Qf3
Nh4 22. Qg3 Nhxg2 23. Nxe5 dxe5 24. Rxe5 Bxa3 25. Rxa3 c6 26. Nc3 Qd6 0-1

[Event "II Festival Vittorio Alfieri"]
[Site "Torino ITA"]
[Date "2010.04.24"]
[Round "5"]
[White "Cacinschi, Alexandru"]
[Black "Pettorusso, Aldo"]
[Result "1-0"]
[WhiteElo "1986"]
[BlackElo "1598"]
[PlyCount "142"]
[EventDate "2010.04.21"]

1. e4 c6 2. d4 d5 3. e5 c5 4. dxc5 e6 5. Be3 Nc6 6. Nf3 Bxc5 7. Bxc5 Qa5+ 8. c3
Qxc5 9. Bd3 Nge7 10. O-O a5 11. Re1 Bd7 12. Na3 Ng6 13. h4 O-O 14. h5 Nf4 15.
Bb1 Qe7 16. Qd2 g5 17. Qc2 f6 18. exf6 Qf7 19. g3 Nh3+ 20. Kg2 Qxh5 21. Rh1 g4
22. Ng5 e5 23. Qxh7+ Qxh7 24. Bxh7+ Kh8 25. Bd3 Rxf6 26. Nxh3 gxh3+ 27. Kf1
Raf8 28. Rh2 Bg4 29. Be2 Be6 30. Nc2 e4 31. Rd1 Ne5 32. Ke1 Kg7 33. Nd4 Bg4 34.
Rd2 Bxe2 35. Rxe2 Nd3+ 36. Kf1 Rh6 37. g4 Kf6 38. Nf5 Rh7 39. Ne3 Ke5 40. a3 a4
41. Nd1 Nc1 42. Re3 Nb3 43. Rexh3 Nd2+ 44. Ke2 Rxh3 45. Rxh3 Nf3 46. Rh7 d4 47.
cxd4+ Nxd4+ 48. Kf1 b5 49. Kg2 Rg8 50. Ne3 Rb8 51. Rh5+ Kf6 52. Nd5+ Kg6 53.
Re5 Nc2 54. Rxe4 Kg5 55. Kg3 Rd8 56. f4+ Kg6 57. Nb4 Na1 58. Re6+ Kg7 59. Rb6
Rd2 60. Rxb5 Rxb2 61. Rd5 Nb3 62. f5 Nd2 63. g5 Ne4+ 64. Kf4 Nc3 65. Rd7+ Kf8
66. g6 Rf2+ 67. Ke5 Re2+ 68. Kf4 Rf2+ 69. Kg4 Rf1 70. Nc6 Ne4 71. Rf7+ Ke8 1-0

[Event "II Festival Vittorio Alfieri"]
[Site "Torino ITA"]
[Date "2010.04.24"]
[Round "5"]
[White "Capuzzimati, Fausto"]
[Black "Termini, Luigi Robert"]
[Result "1-0"]
[WhiteElo "1491"]
[BlackElo "1703"]
[PlyCount "43"]
[EventDate "2010.04.21"]

1. d4 Nf6 2. c4 d5 3. Nc3 e6 4. Nf3 Be7 5. e3 O-O 6. Bd3 Nbd7 7. c5 c6 8. Qc2
b6 9. Qa4 Bb7 10. b4 a5 11. O-O Ne8 12. Bd2 f6 13. Qc2 g6 14. a3 Ba6 15. Rfe1
f5 16. Ne2 Ndf6 17. Ne5 Bb7 18. Nf4 Ng7 19. Nh3 Ne4 20. f4 Ne8 21. Ng5 Nxg5 22.
fxg5 1-0

[Event "II Festival Vittorio Alfieri"]
[Site "Torino ITA"]
[Date "2010.04.24"]
[Round "5"]
[White "Cavaliere, Simone"]
[Black "Vogliobene, Luigi"]
[Result "1-0"]
[WhiteElo "1883"]
[BlackElo "1580"]
[PlyCount "64"]
[EventDate "2010.04.21"]

1. e4 e5 2. Nf3 Nc6 3. Bb5 a6 4. Ba4 Nf6 5. O-O Be7 6. Re1 b5 7. Bb3 O-O 8. c3
d6 9. h3 Na5 10. Bc2 c5 11. d4 Qc7 12. Nbd2 Bd7 13. Nf1 Rfe8 14. a4 c4 15. N3h2
Nc6 16. Bg5 Qd8 17. Ne3 h6 18. Bh4 Nh7 19. Bg3 Nf6 20. Nf3 Qc7 21. Nd5 Nxd5 22.
exd5 Na7 23. dxe5 dxe5 24. Nxe5 Bd6 25. Qh5 Bxe5 26. Bxe5 Qd8 27. h4 Nc8 28.
axb5 Bxb5 29. Qg4 Rxe5 30. Rxe5 Nd6 31. Rae1 Qf6 32. R1e3 Ra7 1-0

[Event "II Festival Vittorio Alfieri"]
[Site "Torino ITA"]
[Date "2010.04.24"]
[Round "5"]
[White "Di Chiara, Mauro"]
[Black "Riccardi, Mauro"]
[Result "1-0"]
[WhiteElo "1868"]
[BlackElo "1818"]
[PlyCount "81"]
[EventDate "2010.04.21"]

1. d4 Nf6 2. Nf3 d5 3. c4 g6 4. cxd5 Nxd5 5. e4 Nb6 6. Nc3 Bg7 7. Be3 c6 8. h3
O-O 9. Be2 Be6 10. O-O Bc4 11. Rc1 e6 12. b3 Bxe2 13. Qxe2 Na6 14. Rfd1 Qe7 15.
Ne5 Rfd8 16. Nxc6 bxc6 17. Qxa6 Qb4 18. Ne2 Qb5 19. Qxb5 cxb5 20. Rc7 Rac8 21.
Rxc8 Rxc8 22. Rc1 Bf8 23. Rxc8 Nxc8 24. Nc3 a6 25. Kf1 Bb4 26. Bd2 Ne7 27. Ke2
Bd6 28. Kd3 f6 29. Ne2 Nc6 30. a4 b4 31. Nc1 Kf7 32. Na2 Na5 33. Bxb4 Bxb4 34.
Nxb4 Nxb3 35. Nxa6 Ke7 36. Nc5 Na5 37. d5 e5 38. Kc3 Kd6 39. Kb4 f5 40. f3 f4
41. Kb5 1-0

[Event "II Festival Vittorio Alfieri"]
[Site "Torino ITA"]
[Date "2010.04.24"]
[Round "5"]
[White "Fassero, Fabrizio"]
[Black "De Renzi, Giuseppe"]
[Result "0-1"]
[WhiteElo "1737"]
[BlackElo "1533"]
[PlyCount "90"]
[EventDate "2010.04.21"]

1. e4 Nf6 2. Nc3 d6 3. Nf3 e5 4. d4 Bg4 5. dxe5 Bxf3 6. Qxf3 dxe5 7. Bg5 Bb4 8.
Rd1 Bxc3+ 9. Qxc3 Qe7 10. Qb3 b6 11. Bc4 O-O 12. O-O Nc6 13. Bd5 Nd4 14. Rxd4
exd4 15. Bxa8 Rxa8 16. Qd3 Qxe4 17. Bxf6 Qxd3 18. cxd3 gxf6 19. Re1 Kf8 20. Re4
c5 21. Rf4 Ke7 22. Rh4 Rh8 23. b4 f5 24. bxc5 bxc5 25. Rh5 Ke6 26. Kf1 Rb8 27.
Rh6+ f6 28. a4 Rb4 29. Rxh7 Rxa4 30. Rc7 Kd6 31. Rc8 Ra1+ 32. Ke2 Ra2+ 33. Kf3
Rd2 34. h4 Rxd3+ 35. Ke2 Rb3 36. h5 Rb7 37. Rh8 a5 38. Ra8 Rh7 39. Rxa5 Rxh5
40. Ra6+ Kd5 41. Ra5 f4 42. Kf3 Rf5 43. Kg4 Re5 44. Kxf4 d3 45. Kg3 d2 0-1

[Event "II Festival Vittorio Alfieri"]
[Site "Torino ITA"]
[Date "2010.04.24"]
[Round "5"]
[White "Iacomussi, Mario"]
[Black "Fassio, Francesco"]
[Result "0-1"]
[WhiteElo "1760"]
[BlackElo "1618"]
[PlyCount "21"]
[EventDate "2010.04.21"]

1. e4 e5 2. Nf3 Nc6 3. Bc4 Nf6 4. d3 Be7 5. h3 O-O 6. Nc3 d6 7. a3 h6 8. b4 a6
9. Be3 b5 10. Bd5 Bd7 11. Qd2 0-1

[Event "II Festival Vittorio Alfieri"]
[Site "Torino ITA"]
[Date "2010.04.24"]
[Round "5"]
[White "Kizov, Atanas"]
[Black "Moncelli, Giorgio"]
[Result "1-0"]
[WhiteElo "2398"]
[BlackElo "2088"]
[PlyCount "75"]
[EventDate "2010.04.21"]

1. d4 Nf6 2. c4 e6 3. g3 c5 4. Nf3 cxd4 5. Nxd4 a6 6. Bg2 Qc7 7. b3 d6 8. O-O
Be7 9. Bb2 Nbd7 10. Nc3 O-O 11. Rc1 Re8 12. Qd2 Ne5 13. h3 Bd7 14. f4 Nc6 15.
Kh2 Nxd4 16. Qxd4 Bf8 17. e4 Rad8 18. Qf2 Bc8 19. Na4 Nd7 20. b4 Qc6 21. Qc2
Nb6 22. Nxb6 Qxb6 23. Qb3 Bd7 24. Rfd1 Bc6 25. Bd4 Qc7 26. b5 Bd7 27. bxa6 Rb8
28. a7 Ra8 29. e5 Bc6 30. exd6 Bxd6 31. Bb6 Qe7 32. Bxc6 bxc6 33. c5 Bc7 34.
Qf3 Rac8 35. Qe4 Qf6 36. a8=Q Rxa8 37. Bxc7 Rxa2+ 38. Rc2 1-0

[Event "II Festival Vittorio Alfieri"]
[Site "Torino ITA"]
[Date "2010.04.24"]
[Round "5"]
[White "Lucchese, Paolo"]
[Black "Trusso Cafarello, Sebastiano"]
[Result "1-0"]
[WhiteElo "2024"]
[BlackElo "1662"]
[PlyCount "133"]
[EventDate "2010.04.21"]

1. e4 c5 2. Nf3 d6 3. d4 cxd4 4. Nxd4 Nf6 5. Nc3 a6 6. Bg5 e6 7. f4 Be7 8. Qf3
O-O 9. O-O-O Nfd7 10. Bxe7 Qxe7 11. Bc4 b5 12. Bb3 Nc5 13. e5 Bb7 14. exd6 Qd7
15. Qg3 Nxb3+ 16. axb3 Nc6 17. Rhe1 Nxd4 18. Rxd4 a5 19. Qd3 Ba6 20. Qe3 Bb7
21. Qe2 Bc6 22. Kd2 a4 23. bxa4 bxa4 24. Ra1 Rfb8 25. Ra2 h6 26. g4 f6 27. h4
Re8 28. Ne4 Bd5 29. c4 Bxe4 30. Qxe4 e5 31. Qd5+ Kh8 32. fxe5 fxe5 33. Re4 Qa7
34. c5 Qa5+ 35. b4 Qb5 36. g5 Qf1 37. Qd3 Qf2+ 38. Qe2 Qf7 39. Qc4 Qf2+ 40. Re2
Qf3 41. gxh6 e4 42. hxg7+ Kxg7 43. Qd4+ Kh7 44. d7 e3+ 45. Kc3 Rg8 46. Qd3+ Kh8
47. Qxe3 Qc6 48. Qd4+ Rg7 49. Rg2 Qxd7 50. Rxg7 Qxg7 51. Rg2 Qxd4+ 52. Kxd4 a3
53. Ra2 Kg7 54. c6 Kf6 55. Kc5 Ke6 56. Re2+ Kf7 57. Ra2 Ke6 58. b5 Ra4 59. b6
Ra5+ 60. Kb4 Rh5 61. b7 Rxh4+ 62. Kb5 Rh1 63. Re2+ Kd6 64. Rd2+ Ke6 65. c7 Rb1+
66. Ka6 Rb2 67. c8=Q+ 1-0

[Event "II Festival Vittorio Alfieri"]
[Site "Torino ITA"]
[Date "2010.04.24"]
[Round "5"]
[White "Paoli, Mario"]
[Black "Militello, Michele"]
[Result "1-0"]
[WhiteElo "1746"]
[BlackElo "1842"]
[PlyCount "77"]
[EventDate "2010.04.21"]

1. d4 Nf6 2. Bg5 e6 3. e4 Be7 4. Nc3 d6 5. Nf3 Nfd7 6. Be3 c6 7. Be2 e5 8. O-O
O-O 9. dxe5 dxe5 10. Bc4 Qc7 11. Nd2 b5 12. Bb3 Nc5 13. a3 Nbd7 14. Ba2 Nf6 15.
b4 Ne6 16. f3 a6 17. Qe2 Nf4 18. Bxf4 exf4 19. Nb3 Qe5 20. Qe1 Be6 21. Kh1 g5
22. Ne2 Bxb3 23. Bxb3 c5 24. bxc5 Bxc5 25. c3 Rfd8 26. a4 bxa4 27. Rxa4 Be3 28.
Qa1 a5 29. Nd4 Rac8 30. Rd1 g4 31. Ra3 Rc5 32. Nf5 gxf3 33. gxf3 Nxe4 34. Rg1+
Bxg1 35. Qxg1+ Kf8 36. Nh6 Qg7 37. fxe4 Rg5 38. Qb6 Qe5 39. Qb7 1-0